|
|
|
|
| LEADER |
01552nam a2200337 u 4500 |
| 001 |
10024019 |
| 003 |
upatras |
| 005 |
20210117205833.0 |
| 008 |
960301s1984 us eng |
| 020 |
|
|
|a 0070513465
|
| 040 |
|
|
|a GR-PaULI
|c GR-PaULI
|
| 041 |
0 |
|
|a eng
|
| 082 |
0 |
4 |
|a 620.001 515 353
|
| 100 |
1 |
|
|a Reddy, J. N.
|9 20804
|
| 245 |
1 |
0 |
|a An introduction to the finite element method
|c J. N. Reddy
|
| 260 |
|
|
|a New York
|b McGraw-Hill
|c 1984
|
| 300 |
|
|
|a xiii, 495 p.
|b fig., tab.
|c 21 cm.
|
| 490 |
0 |
|
|a Mathematics and statistics series
|
| 504 |
|
|
|a Includes appendix, references and index
|
| 650 |
|
4 |
|a Αριθμητική ανάλυση
|9 388
|
| 650 |
|
4 |
|a Μέθοδος πεπερασμένων στοιχείων
|9 1409
|
| 650 |
|
4 |
|a Αριθμητικές μέθοδοι
|9 131
|
| 650 |
|
4 |
|a Μέθοδος πεπερασμένων στοιχείων
|9 1409
|
| 760 |
1 |
|
|a Mathematics and statistics series
|
| 852 |
|
|
|a GR-PaULI
|b ΠΑΤΡΑ
|b ΒΚΠ
|b ΒΣ1
|k ΑΣΧΞ
|h 620.001 515 353 RED
|m 12740
|p 025000093640
|t 1
|
| 852 |
|
|
|a GR-PaULI
|b ΠΑΤΡΑ
|b ΦΥΣΙΚΟ
|k ΑΕΧ-1
|h 519.4 RED
|m 04312
|p 025000023012
|t 2
|
| 942 |
|
|
|2 ddc
|c BK15
|
| 952 |
|
|
|0 0
|1 0
|4 0
|6 620_001000000000000_515_353_RED
|7 0
|9 192923
|a LISP
|b LISP
|c BSC
|d 2016-04-24
|i 12740
|l 0
|o 620.001 515 353 RED
|p 025000093640
|r 2016-06-23 00:00:00
|t 1
|w 2016-04-24
|y BK15
|
| 952 |
|
|
|0 0
|1 0
|4 0
|6 519_400000000000000_RED
|7 0
|9 192924
|a PHYS
|b PHYS
|d 2016-04-24
|i 04312
|l 0
|o 519.4 RED
|p 025000023012
|r 2016-04-24 00:00:00
|t 2
|w 2016-04-24
|y BK15
|
| 998 |
|
|
|c ΔΡΑΚΟΠΟΥΛΟΥ
|d 2001-11
|
| 999 |
|
|
|c 118292
|d 118292
|